What makes an award judge proof? (Record no. 31216)

MARC details
000 -LEADER
fixed length control field 00936cab a2200205 4500
001 - CONTROL NUMBER
control field ABS44912
008 - FIXED-LENGTH DATA ELEMENTS--GENERAL INFORMATION
fixed length control field 090401t1991 xxu||||| |||| 00| 0 eng d
035 ## - SYSTEM CONTROL NUMBER
System control number (Sirsi) u49854
041 ## - LANGUAGE CODE
Language code of text/sound track or separate title eng
100 ## - MAIN ENTRY--PERSONAL NAME
Personal name Gaunt, J
245 ## - TITLE STATEMENT
Title What makes an award judge proof?
260 ## - PUBLICATION, DISTRIBUTION, ETC.
Date of publication, distribution, etc. 1991
350 ## - PRICE (NR) (BK AM CF MU VM SE) [OBSOLETE]
Price 0
490 ## - SERIES STATEMENT
Series statement Estates Gazette
Volume/sequential designation (9128) 20 July 1991, 70-102
520 ## - SUMMARY, ETC.
Summary, etc. Abridged version of a Blundell Memorial Lecture. First part deals with the effect of Arbitration Act 1979 and the appeal guidelines in Nema on rent review arbitrations. The second part outlines the arbitration process, devoting most space to the methods which exist to challenge an award, but also providing a note on the appointment of an arbitrator, evidence and disclosure.
690 ## - LOCAL SUBJECT ADDED ENTRY--TOPICAL TERM (OCLC, RLIN)
Topical term or geographic name as entry element MANAGEMENT-DISPUTE AVOIDANCE, MANAGEMENT AND RESOLUTION-DISPUTE MANAGEMENT AND RESOLUTION-ARBITRATION
700 ## - ADDED ENTRY--PERSONAL NAME
Personal name Green, D.
942 ## - ADDED ENTRY ELEMENTS (KOHA)
Suppress in OPAC 0
948 ## - LOCAL PROCESSING INFORMATION (OCLC); SERIES PART DESIGNATOR (RLIN)
c (OCLC) 04/03/1997
Holdings
Withdrawn status Lost status Source of classification or shelving scheme Damaged status Not for loan Home library Current library Shelving location Date acquired Total Checkouts Full call number Barcode Date last seen Copy number Price effective from Koha item type
    Dewey Decimal Classification     London London Journal article 14/09/1999   ABS44912 49854-1001 06/08/2019 1 06/08/2019 Journal article